Η εικόνα του άνδρα στο σύγχρονο εικονογραφημένο παιδικό βιβλίο : διπλωματική εργασία [μεταπτυχιακή εργασία]

Αποθηκεύτηκε σε:
Λεπτομέρειες βιβλιογραφικής εγγραφής
Κύριος συγγραφέας: Καραγιάννη, Μαρία Π.
Συγγραφή απο Οργανισμό/Αρχή: Πανεπιστήμιο Αιγαίου Σχολή Ανθρωπιστικών Επιστημών Τμήμα Επιστημών της Προσχολικής Αγωγής και του Εκπαιδευτικού Σχεδιασμού Μεταπτυχιακό Πρόγραμμα Σπουδών Παιδικό Βιβλίο και Παιδαγωγικό Υλικό
Άλλοι συγγραφείς: Γιαννικοπούλου, Αγγελική Α. (dgsf)
Μορφή: Thesis Βιβλίο
Γλώσσα:Greek
Δημοσίευση: 2010
Θέματα:
Ετικέτες: Προσθήκη ετικέτας
Δεν υπάρχουν, Καταχωρήστε ετικέτα πρώτοι!

MARC

LEADER 00000cam a2200000 i 4500
001 1/13801
008 110620s2010 gr ||| | gre||
035 |l 10110336 
040 |a GR-MY-UA  |b gre  |e aacr 
041 0 |a gre 
082 0 |a 801.95082  |2 (22) 
100 1 |a Καραγιάννη, Μαρία Π. 
245 1 2 |a Η εικόνα του άνδρα στο σύγχρονο εικονογραφημένο παιδικό βιβλίο :   |b διπλωματική εργασία [μεταπτυχιακή εργασία] /   |c Μαρία Καραγιάννη ; επιβλέπουσα: Γιαννικοπούλου Αγγελική. 
260 |c 2010 
300 |a 118 σ.;   |b εικ.;   |c 30 εκ. 
500 |a Μέλη εξεταστικής επιτροπής: Αναγνωστοπούλου Διαμάντη, Γκασούκα Μαρία. 
502 # # |a Διατριβή (μεταπτυχιακή) – Πανεπιστήμιο Αιγαίου, Ρόδος, 2010. 
504 |a Βιβλιογραφία: σ. 109-118 
650 0 0 |a Illustrated children's books. 
650 0 0 |a Men in literature. 
650 0 0 |a Sex role in literature. 
650 0 0 |a Children's literature. 
650 0 0 |a Dissertations, Academic  |z Greece. 
700 1 |a Γιαννικοπούλου, Αγγελική Α.  |e dgsf 
710 1 |a Πανεπιστήμιο Αιγαίου   |b Σχολή Ανθρωπιστικών Επιστημών   |b Τμήμα Επιστημών της Προσχολικής Αγωγής και του Εκπαιδευτικού Σχεδιασμού   |b Μεταπτυχιακό Πρόγραμμα Σπουδών Παιδικό Βιβλίο και Παιδαγωγικό Υλικό. 
852 |a INST  |b RHODES  |c DIATR  |e 20110620  |h 801.95082 ΚΑΡ  |p 005400033205  |q 005400033205  |t MTXE  |y 23 
852 |a INST  |b RHODES  |c DIATR  |e 20110620  |h 801.95082 ΚΑΡ  |p 005400033437  |q 005400033437  |t MTXE  |y 23 
901 |a BIBL4-2011-2 
909 |a Ρ  |b 163708 
909 |a Ρ  |b 163709 
924 |a ΚΑΡΑΓΙΑΝΝΗ  |b ΜΑΡΙΑ  |y Ρόδος  |z 2011-06 
970 |z 2010/05/